The adventures of Tintin in the land of the soviets : Reporter for "le petit vingtieme..."

Bibliographic Details
Main Author: Herge
Corporate Author: Title
Format: Book
Published: London : Egmont , 2002
Subjects:

MARC

LEADER 00000cam a2200000 7i4500
001 0000008187
005 20151222.0
008 070912
020 |a 1405214775 
090 0 0 |a JF   |b AD ENG (7253) 
100 0 |a Herge 
245 1 4 |a The adventures of Tintin in the land of the soviets :   |b Reporter for "le petit vingtieme..."   |c Herge 
260 |a London :   |b Egmont ,   |c 2002 
500 |a Children ages 7-9 years old (orange) 
650 0 |a Adventure 
650 0 |a Junior fiction   |x English   |x Languages 
710 0 |a Title 
999 |a 0000974578   |b Book   |c Children Collection   |e Cawangan Sri Merlong